LIBRARY & INFORMATION CENTRE, KCAET, TAVANUR

ONLINE PUBLIC ACCESS CATALOGUE (OPAC)

Water conservation and utilization in agriculture production (Record no. 15289)

MARC details
000 -LEADER
fixed length control field 00361nam a22001337a 4500
020 ## - INTERNATIONAL STANDARD BOOK NUMBER
ISBN 81-89304-78-X
082 ## - DEWEY DECIMAL CLASSIFICATION NUMBER
Classification number 631.7
Item number SAI/WA
100 ## - MAIN ENTRY--AUTHOR NAME
Personal name Saini, S. K
-- Chandra, Subhash
245 ## - TITLE STATEMENT
Title Water conservation and utilization in agriculture production
250 ## - EDITION STATEMENT
Edition statement 1
260 ## - PUBLICATION, DISTRIBUTION, ETC. (IMPRINT)
Place of publication Delhi
Name of publisher Satish serial publishing house
Year of publication 2010
300 ## - PHYSICAL DESCRIPTION
Number of Pages 451
942 ## - ADDED ENTRY ELEMENTS (KOHA)
Koha item type Books
Holdings
Withdrawn status Lost status Damaged status Home library Current library Date acquired Full call number Accession Number Koha item type
      KAUAET KAUAET 27/02/2018 631.7 SAI/WA 24321 Books
free website counter